Biblioteca popular d'El Vendrell : 1920 - 1979 : història i evolució 1920 - 1979 :
Descripción Física:
[12] p. : il. ; 22,4 cm
MARC
| LEADER | 00000nam a2200000Ia 4500 | ||
|---|---|---|---|
| 001 | 12811 | ||
| 003 | BGR | ||
| 005 | 20260324175247.0 | ||
| 008 | 160829s1979 xx 000 0 cat d | ||
| 080 | |a FU-14-45 | ||
| 110 | 1 | |a Biblioteca Popular del Vendrell |9 70680 | |
| 245 | |a Biblioteca popular d'El Vendrell : |b 1920 - 1979 : |b història i evolució | ||
| 260 | |a El Vendrell : |b [s.n.], |c 1979 | ||
| 300 | |a [12] p. : |b il. ; |c 22,4 cm | ||
| 590 | |a A l'última plana : Publicitat amb motiu de la reobertura de la Biblioteca el dia 1 de desembre de 1979 éssent President de la Diputació Provincial de Tarragona el Sr. Francesc Cailà i Mestre | ||
| 650 | |a Biblioteca Popular del Vendrell |x Història |9 23709 | ||
| 901 | |a Arxiu | ||
| 942 | |n 1 |2 udc |c MON | ||
| 952 | |0 0 |1 0 |4 0 |6 FU1445 |7 1 |9 42818 |a Arxiu |b Arxiu |d 2016-12-01 |l 0 |o FU-14-45 |p 12811 |r 2016-12-01 00:00:00 |w 2016-12-01 |y ARXIU | ||
| 999 | |c 45324 |d 45324 | ||